000 00268nam a22001097a 4500
008 170106b xxu||||| |||| 00| 0 eng d
020 _a9780397552078
041 _aeng
080 _22ND
_a618.2
245 _aMATERNAL CHILD HEALTH NURSING
_cPILLITTERI, A
942 _2udc
_cBK
999 _c2598
_d2598